| 000 | 01549nam a2200421 a 4500 | ||
|---|---|---|---|
| 001 | 20456 | ||
| 003 | VRT | ||
| 005 | 20260122142719.0 | ||
| 008 | 961209q1995 xx g p 000 0 slo c | ||
| 020 | _a8088834287 (brož.) | ||
| 035 | _aUKB000210387 | ||
| 039 | 9 |
_a201106241029 _bgluc _c201106241028 _dgluc _c201106241026 _dgluc |
|
| 040 |
_aBAA001 _bslo _cBAA001 _eAACR2 |
||
| 041 | 1 |
_aslo _hfre _hita |
|
| 080 | _a165.63 | ||
| 100 | 1 |
_aGalilei, Galileo, _d1564-1642 |
|
| 243 | 1 | 0 | _aKlasicistická próza |
| 245 | 1 | 0 |
_aBádatelia pravdy _bvýber z diela _cGalileo Galilei, René Descartes ; [prel. Mikuláš Pažitka, Anton Vantuch] |
| 260 |
_aRohovce _bInterpopulart Slovakia _c[1995] |
||
| 300 | _a80 s. | ||
| 490 | 1 |
_aPopulart. Študentská knižnica _v29 |
|
| 500 | _aKlasicistická próza | ||
| 504 | _aBibliogr. s. 79 | ||
| 505 | 0 | _aDialóg o dvoch systémoch sveta / G. Galilei ; Rozprava o metóde / R. Descartes | |
| 650 | 0 | 7 |
_aracionalizmus _xmyslenie novoveké _xantológie |
| 653 | _a165.63 | ||
| 700 | 1 |
_aDescartes, René, _d1596-1650 _4aut |
|
| 700 | 1 |
_aPažitka, Mikuláš _4trl |
|
| 700 | 1 |
_aVantuch, Anton, _d1921- _4trl |
|
| 774 | 0 |
_tDialóg o dvoch systémoch sveta _aGalilei, Galileo, 1564-1642 |
|
| 774 | 0 |
_tRozprava o metóde _aDescartes, René, 1596-1650 |
|
| 830 | 0 |
_aPopulart. _pŠtudentská knižnica _v29 |
|
| 910 | _aukb | ||
| 942 |
_2ddc _cKLDO _n0 |
||
| 949 |
_61800009264 _a30.D.66681 _bPV.5677-96 _s4700:20060922 |
||
| 949 |
_61800009263 _aSL.D.24704 _bPV.5678-96 |
||
| 949 |
_61800065039 _a30.D.66681 _bNA.239-99 |
||
| 999 |
_c20456 _d20456 |
||